000 00548nam a2200193Ia 4500
003 OSt
005 20250208121603.0
008 250208b |||||||| |||| 00| 0 pun d
037 _cTextual
040 _aARTS
_cARTS
_bpun
041 _2pun
_apun
084 _aO153,1M95x K9;M2
100 _aਸਿੰਘ, ਗੁਰਬ
245 0 _aਨਾਨਕ ਜੀ
260 _c1969
650 _aਪੰਜਾਬੀ ਸਾਹਿਤ
942 _hO153,1M95x K9;M2
_cTEXL
_2CC
_n0
999 _c380890
_d380890